000 00689cam a22001933a 4500
001 45591
003 PGUSA
005 20140828084044.0
008 140505s2014||||xxu|||||s|||||000 | eng d
040 _aPGUSA
_beng
042 _adc
245 1 0 _aBeadle's Dime Book of Practical Etiquette for Ladies and Gentlemen :
_bBeing a Guide to True Gentility and Good-Breeding, and a Complete Directory to the Usages and Observances of Society
_h[electronic resource] /
_cAnonymous
260 _bProject Gutenberg,
_c2014
506 _aPublic domain in the USA.
516 _aElectronic text
830 0 _aProject Gutenberg
_v45591
856 4 0 _uhttp://www.gutenberg.org/ebooks/45591
942 _cEB
999 _c274842
_d274842